|
|
|
|
| LEADER |
01853nam a2200469 a 4500 |
| 001 |
000614994 |
| 003 |
CZ BrMZK |
| 005 |
20090814100812.0 |
| 007 |
ta |
| 008 |
020806s2002 xr e cze d |
| 015 |
|
|
|a cnb001174869
|
| 020 |
|
|
|a 80-902821-2-1
|
| 035 |
|
|
|a (OCoLC)51186512
|
| 040 |
|
|
|a BOA001
|b cze
|
| 043 |
|
|
|a e-cs---
|a e-xr---
|b e-xr-st
|2 czenas
|
| 072 |
|
7 |
|a 355/359
|x Vojenství. Obrana země. Ozbrojené síly
|2 Konspekt
|9 15
|
| 080 |
|
|
|a 355-051
|2 MRF
|
| 080 |
|
|
|a 355.318.2
|2 MRF
|
| 080 |
|
|
|a 94(100)"1914/1918"
|2 MRF
|
| 080 |
|
|
|a (437)
|2 MRF
|
| 080 |
|
|
|a (437.312)
|2 MRF
|
| 080 |
|
|
|a (083.8)
|2 MRF
|
| 100 |
1 |
|
|a Velfl, Josef,
|d 1956-
|7 xx0002684
|4 aut
|
| 245 |
1 |
0 |
|a Legionáři z Příbramska /
|c Josef Velfl, Jana Barešová, Jarmila Šárová
|
| 250 |
|
|
|a 1. vyd.
|
| 260 |
|
|
|a Příbram :
|b Státní okresní archiv,
|c 2002
|
| 300 |
|
|
|a 203 s. :
|b il. ;
|c 31 cm
|
| 490 |
1 |
|
|a Podbrdsko. Miscelanea ;
|v č. 1, 2002
|
| 504 |
|
|
|a Obsahuje bibliografické odkazy
|
| 650 |
0 |
7 |
|a legionáři
|7 ph122227
|z Československo
|y 1914-1920
|2 czenas
|
| 650 |
0 |
7 |
|a zahraniční vojenské jednotky
|7 ph137529
|z Československo
|y 1914-1920
|2 czenas
|
| 650 |
0 |
7 |
|a první světová válka, 1914-1918
|7 ph126327
|z Československo
|2 czenas
|
| 655 |
|
7 |
|a soupisy
|7 fd133560
|2 czenas
|
| 610 |
2 |
7 |
|a Československé legie
|7 kn20020322444
|2 czenas
|
| 651 |
|
7 |
|a Příbram (Česko : oblast)
|7 ge130587
|2 czenas
|
| 700 |
1 |
|
|a Barešová, Jana,
|d 1958-
|7 xx0002681
|4 aut
|
| 700 |
1 |
|
|a Šárová, Jarmila,
|d 1950-2021
|7 xx0002682
|4 aut
|
| 830 |
|
0 |
|a Podbrdsko.
|n Miscelanea
|
| 856 |
4 |
1 |
|u http://www.digitalniknihovna.cz/mzk/uuid/uuid:a3c4b410-1e93-11e3-9319-005056827e51
|y Digitalizovaný dokument
|x NDK
|
| 910 |
|
|
|a BOA001
|b 4-1105.399
|
| 990 |
|
|
|a BK
|
| 996 |
6 |
|
|b 2610167078
|c 4-1105.399
|l MZK
|r Sklad / do 1 hodiny
|n 1
|p p.v.
|w 000614994
|u 000010
|a 1
|e BOA001
|j MZK50
|s P
|